| 000 | 01212cam a2200277 4500 | ||
|---|---|---|---|
| 008 | 090401t1995 xxu||||| |||| 00| 0 eng d | ||
| 020 | _a1900504006 | ||
| 035 | _a(Sirsi) u38254 | ||
| 041 | _aeng | ||
| 050 | _a332.6324 | ||
| 110 |
_aInvestment Property Forum _92112 |
||
| 245 | _aProperty securitisation: report prepared by a working group of the Investment Property Forum. | ||
| 260 |
_aLondon _bInvestment Property Forum _c1995 |
||
| 300 | _aiii,60p. ; 30cm. | ||
| 350 | _a18 | ||
| 520 | _aOUT OF PRINT. MAY BE PHOTOCOPIED IN FULL. The purpose of the report is to draw attention to current and potential future securitised property investment products and to make recommendations for the creation of a successful UK securitised property market, which can compete on even terms internationally. | ||
| 650 | _aPROPERTY DEBT SECURITISATION | ||
| 650 | _aPROPERTY EQUITY SECURITISATION | ||
| 650 | _aPROPERTY INVESTMENT | ||
| 650 | _aSECURITISED PROPERTY DEBT INSTRUMENTS | ||
| 650 | _aSECURITISED PROPERTY EQUITY VEHICLES | ||
| 690 | _aPROPERTY-COMMERCIAL PROPERTY-COMMERCIAL PROPERTY FINANCE AND INVESTMENT | ||
| 700 |
_aVenmore-Rowland, Piers _xEditor |
||
| 942 | _n0 | ||
| 948 | _c04/03/1997 | ||
| 999 |
_c90629 _d90629 |
||